Statistiche per Paesi più vicini alla Guinea

Clicka qui per fare il quiz!

Statistiche generali

  • Questo quiz è stato fatto 7 volte
  • Il punteggio medio è 18 su 20

Statistiche sulle risposte

kmpaese% Corretto
1409Algeria
100%
947Benin
100%
1831Camerun
100%
0Côte d'Ivoire
100%
74Gambia
100%
540Ghana
100%
0Guinea-Bissau
100%
0Mali
100%
280Mauritania
100%
1001Niger
100%
1137Nigeria
100%
0Senegal
100%
0Sierra Leone
100%
875Togo
100%
267Burkina Faso
86%
996Cabo Verde
86%
0Liberia
86%
1657Marocco
86%
965Sahara Occidentale
43%
1684Spagna
14%

Distribuzione punteggi

Percentile per numero di risposta

Percentuale di utenti per punteggio

I tuoi punteggi nel tempo

Non hai fatto questo quiz